zpět

Detail výsledku týmu

Music Bar Forea, Lanškroun

Datum a čas kvízu

39 Celkem bodů Celkový počet nahraných bodů na tomto kvízu bez doplňovacích otázek.
3. Pořadí na kvízu Konečné umístění týmu na tomto kvízu.

Zaznamenané odpovědi

# Otázka Odpověď Body Výsledky
1. V českých médiích jsme se minu... Alpine Pro 1
2. Kterému fenoménu je věnovaný w... UFO 1
3. V pátek oslavil významný brits... (sir) David Attenborough; 100 let 1
4. Minulý týden informovala média... B 1
5. Po ukončení letošního ročníku... Dominik Frodl 0
6. Téma začneme jednou z nejoblíb... Matěj Kotrba 0.5
7. V roce 2023 jsme mohli v kinec... Oppenheimer 1
8. Který herec si zahrál Hektóra,... Eric Bana 1
9. Půl bodu obdržíte za název fil... Amadeus; Miloš Forman 1
10. Který režisér je podepsán pod... C 1